| 000 | 00938nam2a22002291 4500 | ||
|---|---|---|---|
| 001 | rc\3686185 | ||
| 005 | 20250610061623.0 | ||
| 035 | _a(NLR Aleph) 007754158 | ||
| 090 |
_a7295340 _c7295340 |
||
| 100 | _a20130115d1970 |||y0rusy50 ca | ||
| 101 | 0 | _arus | |
| 102 | _aRU | ||
| 105 | _ay z ||||| | ||
| 200 | 1 | _aПосвящение в хлеборобы | |
| 210 |
_aПермь _cКн. изд-во _d[1970] |
||
| 461 | 0 |
_1001rc\3686181 _12001#$aКолхозные командиры$eОпыт, размышления, предложения$eБиблиотечка$e[1-4]$v[4] _97295304 _cПермь _d[1970] _nКн. изд-во _oОпыт, размышления, предложения : Библиотечка : [1-4] _p4 бр. в обертке _tКолхозные командиры _v[4] |
|
| 700 | 1 |
_aЩадрин _bА.В. |
|
| 801 | 0 |
_aRU _bNLR _gpsbo |
|
| 801 | 1 |
_aRU _bELAR _2rusmarc |
|
| 852 |
_aNLR _j70-2/235 |
||
| 942 | _cBOOK | ||
| 980 | _aNB | ||